Sports Quiz

Random Sports or State Quiz

Missing Team Blitz II Quiz Stats

 Plays Quiz Updated Oct 1, 2018

Challenge
Share
Tweet
Embed
Score 0/25 Timer 04:00
3 Plays Today
Teams Missing Team % Correct
ColtsPacers
91.6%
SaintsPelicans
87.3%
MarinersSeahawks
87%
Bruins, Celtics, Red SoxPatriots
77.5%
Lions, Pistons, TigersRed Wings
75.5%
Avalanche, Broncos, NuggetsRockies
75%
Timberwolves, Vikings, WildTwins
74.8%
Capitals, WizardsNationals
73.3%
Ravens, RedskinsOrioles
71.6%
Brewers, BucksPackers
71.3%
Bears, Blackhawks, Bulls, CubsWhite Sox
71.1%
Braves, HawksFalcons
70.2%
Hornets, HurricanesPanthers
69.1%
Teams Missing Team % Correct
Cardinals, Coyotes, DiamondbacksSuns
68.9%
Maple Leafs, Raptors, SenatorsBlue Jays
65.2%
Giants, JetsDevils
63.7%
Blues, Chiefs, RoyalsCardinals
58%
Grizzlies, TitansPredators
56.8%
76ers, Eagles, Flyers, Penguins, Pirates, PhilliesSteelers
55.7%
Bengals, Blue Jackets, Browns, Indians, RedsCavaliers
55.6%
Bills, Knicks, Mets, Nets, Rangers, Sabres, YankeesIslanders
51.7%
Astros, Cowboys, Mavericks, Rangers, Spurs, Stars, TexansRockets
40.3%
Buccaneers, Heat, Jaguars, Lightning, Magic, Marlins, Panthers, RaysDolphins
36.4%
FlamesOilers
35.4%
49ers, Angels, Athletics, Chargers, Dodgers, Ducks, Giants, Kings, Kings, Lakers, Padres, Raiders, Rams, Sharks, WarriorsClippers
28.8%

You're not logged in!

Compare scores with friends on all Sporcle quizzes.
OR
Log In

You Might Also Like...

Show Comments

Extras

Top Quizzes Today


Score Distribution

Your Account Isn't Verified!

In order to create a playlist on Sporcle, you need to verify the email address you used during registration. Go to your Sporcle Settings to finish the process.

Report this User

Report this user for behavior that violates our Community Guidelines.

Details: